| 000 | 00948nam a22002897a 4500 | ||
|---|---|---|---|
| 003 | CHAP | ||
| 005 | 20220329135822.0 | ||
| 008 | 971013s1967 r 10010 d | ||
| 010 | _a42799 | ||
| 011 | _a43771 | ||
| 035 | _a47908 | ||
| 040 | _cCHAP | ||
| 090 | _aFolleto 5757 | ||
| 111 | 0 | 0 |
_aEvapotranspiration and its Role in Water Resources Management ( _d1966 _c: Chicago, Ill.) _938969 |
| 245 | _aConference proceedings | ||
| 260 |
_aSt. Joseph, Mich. : _bAmerican Society of Agricultural Engineers, _c(1967?) |
||
| 300 | _a65 p. | ||
| 590 |
_aBATCH-UPD _b10 _c20130110 _lUCH01 _h1155 |
||
| 590 |
_aBATCH-UPD _b10 _c20130410 _lUCH01 _h0738 |
||
| 590 |
_aBATCH-UPD _b10 _c20130914 _lUCH01 _h1335 |
||
| 590 |
_aCONVERSION _b10 _c20130109 _lUCH01 _h1324 |
||
| 650 | 1 | 4 |
_aEvapotranspiración. _938968 |
| 650 | 1 | 4 |
_aPlantas _xTranspiración. _988892 |
| 901 | _aBK | ||
| 942 | _cFOLL | ||
| 949 |
_aFolleto 5757 _bBC _cFOLL _d-108728 _eTS1 _i47908 _si _t230.00 |
||
| 999 |
_c42799 _d42799 |
||